| 000 | 00363nam a2200145Ia 4500 | ||
|---|---|---|---|
| 008 | 151213s9999 xx 000 0 und d | ||
| 100 | _aArun Bahl | ||
| 245 |
_aEssentials of Physical Chemistry _cArun Bahl |
||
| 260 |
_aNew Delhi _bS.Chand and Company _c2006 |
||
| 300 | _a8597 p. | ||
| 650 | _aE.E.E. | ||
| 650 | _ascience | ||
| 700 | _aArun Bahl | ||
| 999 |
_c4398 _d4398 |
||